| 000 | 00702nam a2200193 a 4500 | ||
|---|---|---|---|
| 001 | BRCA_392 | ||
| 005 | 20190320203005.0 | ||
| 008 | 840724s1975 gt-a---##b---#000-0#spa-# | ||
| 040 |
_aDLC _cDLC _dDLC |
||
| 050 | 4 |
_aNK4320.G9 _b.L85 1975 |
|
| 100 | 1 |
_aLuján Muñoz, Luis _91328 |
|
| 245 | 1 | 0 |
_aHistoria de la mayólica en Guatemala _cLuis Luján Muñoz. |
| 260 |
_aGuatemala _c1975 _e[s.l.] _fServiprensa Centroamericana |
||
| 300 |
_a78 p. _bil. _c21 cm. |
||
| 500 | _aApéndice: Nómina provisional de personas y alfarerías de mayólica en Antigua, Guatemala | ||
| 504 | _aBibliografía: p. 46-49 | ||
| 650 | 1 | 4 |
_aMayólica _xHistoria _zSantiago y San Miguel Totonicapan (Guatemala) _91329 |
| 942 |
_2lcc _cB |
||
| 999 |
_c327 _d327 |
||